000 00348 a2200157 4500
001 154719
040 _cEscola São Tomás de Aquino
100 _aTEIXEIRA JR, Luiz Alexandre
240 1 0 _aO Engenho Colonial
_lpor
245 1 0 _aO Engenho Colonial
300 _a32
362 0 _a2000
440 1 _aÁtica
697 _aHISTÓRIA
942 _cBK
999 _c154719
_d154719